Harry Potter and the Goblet of Fire - All Chapters - Statistics

General Stats
  • This quiz has been taken 41 times
  • The average score is 23 of 37
Answer Stats
Hint Answer % Correct
20 The First Task
83%
6 The Portkey
83%
1 The Riddle House
83%
26 The Second Task
83%
8 The Quidditch World Cup
79%
31 The Third task
79%
9 The Dark Mark
75%
19 The Hungarian Horntail
75%
12 The Triwizard Tournament
75%
23 The Yule Ball
75%
7 Bagman and Crouch
71%
34 Priori Incantatem
67%
28 The Madness of Mr Crouch
67%
13 Mad-Eye Moody
63%
33 The Death Eaters
63%
16 The Goblet of Fire
63%
30 The Pensieve
63%
2 The Scar
63%
22 The Unexpected Task
63%
24 Rita Skeeter's Scoop
58%
3 The Invitation
58%
18 The Weighing of the Wands
58%
15 Beauxbatons and Durmstrang
54%
32 Flesh, Blood, and Bone
54%
17 The Four Champions
54%
5 Weasley's Wizard Wheezes
54%
11 Aboard the Hogwarts Express
50%
37 The Beginning
50%
25 The Egg and the Eye
50%
35 Veritaserum
50%
4 Back to the Burrow
46%
10 Mayhem at the Ministry
46%
29 The Dream
46%
21 The House-Elf Liberation Front
46%
36 The Parting of the Ways
46%
27 Padfoot Returns
42%
14 The Unforgiveable Curses
29%
No matching quizzes found
Score Distribution
Percent of People with Each Score
Percentile by Number Answered
Your Score History
You have not taken this quiz